History Quiz

Random History or Politics Quiz
Score 0/30 Timer 10:00
0 Plays Today
% Correct
Dakota
98.2%
William Shakespeare
95.8%
Cassidy
87.9%
Hockey
84.3%
Panama
81.8%
London
77.3%
Japan
76.3%
Metro-Goldwyn-Mayer
75.8%
France
74.5%
US Constitution
73.8%
Victoria Falls
73%
Chimpanzee
70.9%
Afghanistan
70.8%
Impressionism
69.6%
Denmark
69.1%
% Correct
Đại Việt
68.8%
William Tell
67.9%
Yasser Arafat
66.6%
Portugal
66.6%
Taiwan
65.1%
Ferdinand Magellan
59.8%
Walter Cronkite
59.5%
Montgomery, Alabama
58.3%
Oscar Wilde
55.5%
Slovakia
55.1%
Paris
52.8%
Estonia
51%
US Senator
50.3%
Boston
43.1%
Franklin Pierce
35.7%
Remove Ads.
Support Sporcle.
Get the best of Sporcle when you Go Orange. This ad-free experience offers more features, more stats, and more fun while also helping to support Sporcle. Thank you for becoming a member.

You're not logged in!

Compare scores with friends on all Sporcle quizzes.
OR
Log In

Show Comments

Extras

Top Quizzes Today


Score Distribution

Your Account Isn't Verified!

In order to create a playlist on Sporcle, you need to verify the email address you used during registration. Go to your Sporcle Settings to finish the process.

Report this User

Report this user for behavior that violates our Community Guidelines.

Details: